000 00225 a2200097 4500
001 26829
100 _aIqbal, M
245 _aThe poets vision and magic of words
260 _a
_bIslamic book service
_c
090 _c18062
_d18062
942 _aNUST-CAE
_cM
_c8961
999 _c261902
_d261902